| 000 | 00768nam a22002777a 4500 | ||
|---|---|---|---|
| 001 | 9186 | ||
| 003 | FISKH | ||
| 005 | 20251128084147.0 | ||
| 008 | 251128b cb ||||| |||| 00| 0 eng d | ||
| 020 | _a9781595152497 | ||
| 040 |
_aFISKH _beng _cFISKH _dFISKH |
||
| 050 | _aPZ7 | ||
| 082 | _a580 | ||
| 100 |
_aFreeman, Marcia S. _eAuthor |
||
| 245 |
_aPlant foods / _cby Marcia S. Freeman |
||
| 260 |
_aMinnesota : _bRourke Educational Media , _c2004 |
||
| 300 |
_a8 pages : _bphotographs ; _c16 x 19 cm |
||
| 490 |
_aReaders for writers : _vEmergent |
||
| 505 | _aC | ||
| 520 | _aExplores how we use the different parts of a plant. | ||
| 521 | 8 |
_a120
_bLexile |
|
| 521 | 8 |
_aC
_bRaz-Plus |
|
| 650 |
_aFoods _vPlant |
||
| 942 |
_2ddc _cBK _n0 |
||
| 999 |
_c9186 _d9186 |
||